<?xml version="1.0" encoding="UTF-8"?>
<record
    xmlns:xsi="http://www.w3.org/2001/XMLSchema-instance"
    xsi:schemaLocation="http://www.loc.gov/MARC21/slim http://www.loc.gov/standards/marcxml/schema/MARC21slim.xsd"
    xmlns="http://www.loc.gov/MARC21/slim">

  <leader>00830cam a22002411  4500</leader>
  <controlfield tag="001">sa 63001713 </controlfield>
  <controlfield tag="003">DLC</controlfield>
  <controlfield tag="005">20260227111929.0</controlfield>
  <controlfield tag="008">910810s1962    ii            000 0 hin  </controlfield>
  <datafield tag="010" ind1=" " ind2=" ">
    <subfield code="a">sa 63001713 </subfield>
  </datafield>
  <datafield tag="035" ind1=" " ind2=" ">
    <subfield code="a">(OCoLC)24219917</subfield>
  </datafield>
  <datafield tag="040" ind1=" " ind2=" ">
    <subfield code="a">DLC</subfield>
    <subfield code="c">CU</subfield>
    <subfield code="d">DLC</subfield>
  </datafield>
  <datafield tag="042" ind1=" " ind2=" ">
    <subfield code="a">premarc</subfield>
  </datafield>
  <datafield tag="050" ind1="0" ind2="0">
    <subfield code="a">LB775.G22</subfield>
    <subfield code="b">T7</subfield>
  </datafield>
  <datafield tag="100" ind1="1" ind2=" ">
    <subfield code="a">Trip&#x101;&#x1E6D;h&#x12B;, &#x15A;y&#x101;masundaral&#x101;la.</subfield>
  </datafield>
  <datafield tag="245" ind1="1" ind2="0">
    <subfield code="a">Buniy&#x101;d&#x12B; &#x15B;iksha&#x1E45;a k&#x12B; s&#x101;m&#x101;nya eva&#x1E43; vis&#xE9;sha paddhati&#x101;m&#x310;.</subfield>
    <subfield code="c">Lekhaka &#x15A;y&#x101;ma Sundara L&#x101;la Trip&#x101;&#x1E6D;h&#x12B; aura Su&#x15B;&#x12B;l&#x101; B&#x101;&#x12B; Tanakh&#x12B;v&#x101;le. Par&#x101;mar&#x15B;ad&#x101;t&#x101; J&#x12B;. Vaya. Tanakh&#x12B;v&#x101;le.</subfield>
  </datafield>
  <datafield tag="250" ind1=" " ind2=" ">
    <subfield code="a">[1. sa&#x1E43;skara&#x1E47;a]</subfield>
  </datafield>
  <datafield tag="260" ind1=" " ind2=" ">
    <subfield code="a">Gv&#x101;liyara,</subfield>
    <subfield code="b">Kail&#x101;&#x15B;a Pustaka Sadana</subfield>
    <subfield code="c">[1962]</subfield>
  </datafield>
  <datafield tag="300" ind1=" " ind2=" ">
    <subfield code="a"> 124 p.</subfield>
    <subfield code="c">23 cm.</subfield>
  </datafield>
  <datafield tag="500" ind1=" " ind2=" ">
    <subfield code="a">In Hindi.</subfield>
  </datafield>
  <datafield tag="650" ind1=" " ind2="0">
    <subfield code="a">Wardha scheme of education.</subfield>
  </datafield>
  <datafield tag="700" ind1="1" ind2=" ">
    <subfield code="a">Tanakh&#x12B;v&#x101;le, &#x15A;u&#x15B;&#x12B;l&#x101; B&#x101;&#x12B;.</subfield>
  </datafield>
  <datafield tag="999" ind1=" " ind2=" ">
    <subfield code="c">54091</subfield>
    <subfield code="d">54091</subfield>
  </datafield>
</record>
